000 00617nam a22002057a 4500
999 _c7081
_d7081
003 AR-CdUCM
008 190319b ||||| |||| 00| 0 spa d
020 _a9789870247326
040 _aMUNICIPALIDAD PROVINCIAL DEL CUSCO
_cBIBLIOTECA MUNICIPAL DEL CUSCO
082 _a869.26 /
_bZ36
100 _aZanzio, Jorge
_919937
245 _aDesde el origen /
260 _aArgentina :
_bDunken,
_c2010.
300 _a86 páginas ;
_c22.5 cm.
650 _aPoesía argentina - Siglo XX
_915285
650 _aPoetas argentinos
_911817
650 _aJorge Zanzio - Poemas
_919938
942 _2ddc
_cLIBROS
945 _alccs